| 000 | 00415nam a2200133Ia 4500 | ||
|---|---|---|---|
| 008 | 211109s9999||||xx |||||||||||||| ||und|| | ||
| 082 |
_a894.8123 _bVAR-O |
||
| 100 | _aT V Varkki, | ||
| 245 | 0 | _aOru Duranthathinte Thirakada | |
| 260 |
_bMedia World Communications _aChry No 206 _c1900 |
||
| 630 | _xGENERAL STACK | ||
| 650 |
_aLiterature _vMalayalam Literature _xMalayalam novelMalayalam FictionStory |
||
| 942 | _cBOOK | ||
| 999 |
_c47148 _d47148 |
||